000 00934nam a22002537a 4500
005 20170123164148.0
010 _aA-977660
020 _c120.00
035 _aA-977660
037 _bCen Lib/Ret
040 _aDPL
_bPN
082 _a851
_bਸਰਨਾ
100 _aਸਰਨਾ, ਸੁਰਜੀਤ
_9124465
245 _aਨਗ਼ਮਾ ਪਤਝੜ ਦਾ :
_cਸਰਨਾ
_bਕਵਿਤਾਵਾਂ /
246 _aNagma patjharh da :collection of poem /
_bby Surjit Sarna
260 _a ਦਿੱਲੀ
_bਆਰਸੀ ਪਬਲਿਸ਼ਰਜ਼
_c2000
270 _aਚਾਂਦਨੀ ਚੋਕ
_bਦਿੱਲੀ
_e110006
300 _a94p.
_c22cm(Hb)
650 _a ਸਾਹਿਤ--ਪੰਜਾਬੀ
_9124466
650 _aਪੰਜਾਬੀ -- ਕਵਿਤਾਆਂ
_9124467
650 _a Literature--Punjabi
_9124468
650 _aPunjabi -- Poetry
_9124469
942 _2ddc
_cPN
_h851
_mਸਰਨਾ
999 _c110184
_d110184